000 00775nam a2200265Ia 4500
003 OSt
005 20220918165709.0
006 a|||||r|||| 00| 0
007 ta
008 220917b |||||||| |||| 00| 0 eng d
020 _a8170363403
024 _a11,930
037 _cTextual
040 _aARTS
_cARTS
_beng
041 _2eng
_aeng
082 _aS1:7:7.2, N3;1
100 _aSaraswathi T S ed.
_925175
245 0 _aHuman development and family studies in India
260 _aNew Delhi
_bSage publications
_c1993
300 _a370p.
_ccm.
650 _aCHILD DEVELOPMENT; FAMILY; CHILD WELFARE
_925176
700 _a Baljit Kaur ed
_925177
942 _hS1:7:7.2, N3;1
_cTEXL
_2CC
999 _c130759
_d130759